Towards a second green revolution : from chemical to new biological technologies in agriculture in the tropics : proceedings of the international meeting, organized by the Accademia Nazionale delle Scienze detta dei XL, Palazzo Civiltà del Lavoro, Roma, Italy, in collaboration with the Commission of European Communities and with ENEA, held in Rome, Italy, 8-10 September, 1986 /

Bibliographic Details
Corporate Authors: Accademia nazionale delle scienze detta dei XL, Commission of the European Communities, ENEA (Agency : Italy)
Other Authors: Marini-Bettòlo, G. B. (Giovanni Battista)
Format: Book
Language:English
Published: Amsterdam ; New York : Elsevier ; 1987.
Series:Developments in agricultural and managed-forest ecology ; v. 19.
Subjects:

MARC

Tag First Indicator Second Indicator Subfields
LEADER 00000cam a22000008a 4500
001 in00000027937
005 20151007054651.0
008 871123s1987 ne a b 10100 eng
010 |a  87034166  
020 |a 0444989277 (U.S.) :  |c $175.00 (est.) 
035 |a (OCoLC)17299168 
035 |9 AAB5882AM 
040 |a DLC  |c DLC  |d TXA  |d UtOrBLW 
043 |a w------ 
049 |a TXAM  |c [A10954787] 
050 0 0 |a S583.2  |b .T69 1988 
050 4 |a S583.2  |b .T69 1987 
082 0 |a 338.1/62  |2 19 
245 0 0 |a Towards a second green revolution :  |b from chemical to new biological technologies in agriculture in the tropics : proceedings of the international meeting, organized by the Accademia Nazionale delle Scienze detta dei XL, Palazzo Civiltà del Lavoro, Roma, Italy, in collaboration with the Commission of European Communities and with ENEA, held in Rome, Italy, 8-10 September, 1986 /  |c edited by G.B. Marini Bettòlo. 
263 |a 8803 
264 1 |a Amsterdam ;  |a New York :  |b Elsevier ;  |c 1987. 
264 2 |a New York, N.Y., U.S.A. :  |b Distributors for the U.S. and Canada, Elsevier Science Pub. Co., 
300 |a xi, 530 pages :  |b illustrations, (some color)  
336 |a text  |b txt  |2 rdacontent 
337 |a unmediated  |b n  |2 rdamedia 
338 |a volume  |b nc  |2 rdacarrier 
490 1 |a Developments in agricultural and managed-forest ecology,  |x 0392-4130 ;  |v 19 
504 |a Includes bibliographies and indexes. 
650 0 |a Agricultural chemicals  |z Tropics  |x Congresses. 
650 0 |a Agricultural chemicals  |x Environmental aspects  |z Tropics  |x Congresses. 
650 0 |a Pesticides  |z Tropics  |x Congresses. 
650 0 |a Pesticides  |x Environmental aspects  |z Tropics  |x Congresses. 
650 0 |a Agricultural innovations  |z Tropics  |x Congresses. 
700 1 |a Marini-Bettòlo, G. B.  |q (Giovanni Battista) 
710 2 |a Accademia nazionale delle scienze detta dei XL. 
710 2 |a Commission of the European Communities. 
710 2 |a ENEA (Agency : Italy) 
830 0 |a Developments in agricultural and managed-forest ecology ;  |v v. 19. 
999 |a MARS 
999 f f |s 42067b92-d3ef-3879-ab30-1d75882e5254  |i 5ae35f93-92d7-3c5a-a7b4-ba11740b300b  |t 0 
952 f f |p ric  |a Texas A&M University  |b Rellis Campus  |c Joint Library Facility  |d Remote Storage  |t 0  |e S583.2 .T69 1987  |h Library of Congress classification  |i unmediated -- volume  |m A14810954787 
998 f f |a S583.2 .T69 1987  |t 0  |l Remote Storage